Komunikačná stratégia podniku diplomová práca

Salvato in:
Dettagli Bibliografici
Autore principale: Havranová, Katarína
Ente Autore: Fakulta podnikového manažmentu EU. Katedra podnikovohospodárska
Altri autori: Záleský, Ivan, 1979-
Natura: Libro
Lingua:slovacco
Pubblicazione: Bratislava 2008
Tags: Aggiungi Tag
Nessun Tag, puoi essere il primo ad aggiungerne!!

MARC

LEADER 00000nam$a2200000$$$4500
001 0086214
005 20240201115419.5
041 0 |a slo 
044 |a SK 
245 1 0 |a Komunikačná stratégia podniku  |b diplomová práca  |c Katarína Havranová ; škol. Ivan Záleský 
264 1 |a Bratislava  |c 2008 
300 |a 81 s. 
100 1 |a Havranová, Katarína 
700 1 |a Záleský, Ivan, 1979- 
710 2 |a Fakulta podnikového manažmentu EU. Katedra podnikovohospodárska